000 00310nam a2200121Ia 4500
008 191201s2018 xx 000 0 und d
100 _aSTALLINGS, William
245 0 _aComputer organization and Architecture
260 _bCengage Learning
_c2018
300 _a856
650 _aB.Tech(CSE)
942 _2ddc
_cBK
_02
999 _c6969
_d6969